000 00663nab a2200205 4500
999 _c372257
_d372257
001 90031
003 OSt
005 20230310123703.0
007 tu
008 110905s2000|||||||
040 _aDE-2950
_cDE-2950
245 0 0 _aPointen im Minutentakt.
_bAuftritt. In der deutschen Comedy-Szene ist Chris Tall längst ein Star. In Frankfurt, beim Auftakt seiner neuen Show gab es Lacher und emotionale Momente /
_cSelim Pekel
264 _c2023
653 _aFrankfurt (Oder)
653 _aKleistforum
653 _aComedy
653 _aTall, Chris
773 0 _g34. Jahrgang (2023) Nr. 55, 06.03.2023, Seite 13: mit Foto
_tMärkische Oderzeitung
942 _2z
_cA